| 000 | 00389nam a2200145Ia 4500 | ||
|---|---|---|---|
| 008 | 230917s9999||||xx |||||||||||||| ||und|| | ||
| 040 |
_e20656 _aMAIN |
||
| 041 | _aEnglish | ||
| 082 | _a512.5 B446L | ||
| 100 | _aBentley, Donald L | ||
| 245 | 0 | _aLinear algebra with differential equations | |
| 260 |
_aNew York _bHolt, Reinhart and Winston _c1973 |
||
| 300 | _axiv, 625 p. | ||
| 942 | _cBK | ||
| 999 |
_c135373 _d135373 |
||